Meranie a hodnotenie zmien efektívnosti podniku v čase diplomová práca
Enregistré dans:
| Auteur principal: | |
|---|---|
| Collectivité auteur: | |
| Autres auteurs: | |
| Format: | Livre |
| Langue: | slovaque |
| Publié: |
Košice
2018
|
| Tags: |
Pas de tags, Soyez le premier à ajouter un tag!
|
MARC
| LEADER | 00000nbm a2200000 4500 | ||
|---|---|---|---|
| 001 | 0244143 | ||
| 005 | 20240827092531.6 | ||
| 041 | 0 | |a slo | |
| 044 | |a SK | ||
| 245 | 1 | 0 | |a Meranie a hodnotenie zmien efektívnosti podniku v čase |b diplomová práca |c Andronik Berkeš ; školiteľ: Roman Lacko |
| 264 | 1 | |a Košice |c 2018 | |
| 300 | |a 60 s. | ||
| 100 | 1 | |a Berkeš, Andronik | |
| 700 | 1 | |a Lacko, Roman, 1988- | |
| 710 | 2 | |a Podnikovohospodárska fakulta EU so sídlom v Košiciach. Katedra ekonómie | |